000 00621nam a2200205Ia 4500
003 GCL
008 140319s9999 xx 000 0 ara d
020 _a0156316977
040 _aGCL /
_cGCL
082 0 4 _a812.043
_bع س
100 1 _aعلى احمد باكثير
245 1 0 _aسلامة القس /
_cعلى احمد باكثير
260 _aالقاهرة :
_bمكتبة مصر
300 _a182 ص ؛
_c20 سم
490 _aمطبوعات مكتبة مصر
_v0
650 0 4 _aالادب العربى
650 0 4 _aالمسرح العربى
650 0 4 _aالمسرحيات العربية
942 _2ddc
_cBK
999 _c34044
_d34044